000 00905nam a2200289 i 4500
001 bg
100 1 _aBucher, Chris.
245 1 0 _aOświetlenie /
_cChris Bucher ; [tł. Piotr Cieślak].
246 1 _iTyt. oryg.:
_aLighting Photo Workshop,
_f2007
246 1 _iTyt. oryg.:
_aMacro photography photo workshop,
_f2007.
260 _aGliwice :
_bWydawnictwo Helion,
_c2009.
300 _a298 s. :
_bil. kolor. ;
_c24 cm.
490 1 _aWarsztaty fotograficzne
500 _aNa okł.: Książka w kolorze.
650 9 _aFotografia
_xtechnika
655 _aPodręczniki
830 _aWarsztaty fotograficzne
020 _a9788324620036
040 _cBPK
041 _apol
044 _aPOL
080 _a77.02(07)
920 _a978-83-246-2003-6
942 _cKS
008 090720s2009 pl a |001 0 pol
999 _c56513
_d56513
856 _uhttp://koha.tu.koszalin.pl/cgi-bin/koha/opac-detail.pl?biblionumber=56513
_yKatalog online BPK